États américains ayant le plus de grands électeurs - Carte quiz - Statistiques

Statistiques générales
  • Ce quiz a été pris 61 fois
  • Le résultat moyen est 14 sur 17
Réponses sur la Carte
Les réponses sont colorées sur une échelle allant du rouge au vert en fonction du pourcentage des utilisateurs qui les ont devinées à leur premier essai. Vous pouvez retrouver ces pourcentages ci-dessous.
 
Statistiques - réponses
Réponse % Correct
Californie
92%
Floride
91%
Texas
91%
Washington
91%
Arizona
87%
Géorgie
83%
Michigan
83%
Caroline du Nord
79%
New York
77%
Pennsylvanie
77%
Tennessee
77%
Massachussetts
75%
New Jersey
74%
Ohio
72%
Virginie
72%
Illinois
68%
Indiana
66%
Aucun quiz correspondant
Distribution des résultats
% des personnes avec chaque résultat
Percentile par nombre de réponses
Votre historique - résultats
Vous n’avez pas pris ce quiz